[Event "Niedersachsen-ch Seniors op 11th"]
[Site "Bad Bevensen"]
[Date "2008.07.09"]
[Round "2"]
[White "Kasueschke, Gregor"]
[Black "Angermann, Immo Frank"]
[Result "1/2-1/2"]
[WhiteElo "1849"]
[BlackElo "1612"]
[PlyCount "120"]
[EventDate "2008.07.08"]
[EventType "swiss"]
[EventRounds "9"]
[EventCountry "GER"]
[SourceTitle "EXT 2022"]
[Source "ChessBase"]
[SourceDate "2021.10.06"]
[SourceVersion "1"]
[SourceVersionDate "2021.10.06"]
[SourceQuality "1"]

1. c4 Nf6 2. Nc3 g6 3. g3 Bg7 4. Bg2 0-0 5. Nf3 c6 6. 0-0 d5 7. cxd5 cxd5 8. d4 Nc6 9. Bf4 Nh5 10. Be3 e6 11. Qd2 a6 12. Bh6 b5 13. Rac1 Bb7 14. Rfd1 Rc8 15. Bxg7 Nxg7 16. e3 Qb6 17. Ne1 a5 18. Nd3 b4 19. Na4 Qa7 20. Nac5 Ba6 21. Nxa6 Qxa6 22. Nc5 Qa7 23. Bf1 Ne7 24. Rc2 Ngf5 25. Rdc1 Nd6 26. Bd3 Rfd8 27. Qe2 a4 28. Qd2 Rb8 29. Na6 b3 30. axb3 axb3 31. Rc7 Rb7 32. Rxb7 Nxb7 33. Rc7 Nc8 34. Qb4 Ncd6 35. Qxb3 Rc8 36. Qc3 Rxc7 37. Qxc7 Qa8 38. Kf1 Ne4 39. Ke2 Nbd6 40. f3 Ne8 41. Qb8 Qxb8 42. Nxb8 N4d6 43. Na6 Kf8 44. e4 dxe4 45. fxe4 Ke7 46. b4 f6 47. b5 Nc8 48. e5 f5 49. Kd2 Nb6 50. Kc3 Nd5+ 51. Kc4 Nec7 52. Nxc7 Nxc7 53. b6 Na6 54. Kb5 Nb8 55. Kc5 Kd7 56. Bb5+ Ke7 57. d5 exd5 58. Kxd5 g5 59. Bd3 f4 60. gxf4 gxf4 1/2-1/2

[Event "Niedersachsen-ch Seniors op 11th"]
[Site "Bad Bevensen"]
[Date "2008.07.08"]
[Round "1"]
[White "Hermann, Armin"]
[Black "Kasueschke, Gregor"]
[Result "1/2-1/2"]
[WhiteElo "1560"]
[BlackElo "1849"]
[PlyCount "41"]
[EventDate "2008.07.08"]
[EventType "swiss"]
[EventRounds "9"]
[EventCountry "GER"]
[SourceTitle "EXT 2022"]
[Source "ChessBase"]
[SourceDate "2021.10.06"]
[SourceVersion "1"]
[SourceVersionDate "2021.10.06"]
[SourceQuality "1"]

1. Nf3 d5 2. d4 c6 3. e3 Bf5 4. Bd3 Bxd3 5. Qxd3 Nf6 6. Nbd2 Nbd7 7. 0-0 e6 8. c3 Bd6 9. e4 dxe4 10. Nxe4 Nxe4 11. Qxe4 h6 12. Bd2 0-0 13. c4 Re8 14. h3 e5 15. dxe5 Nxe5 16. Nxe5 Bxe5 17. Qc2 Qf6 18. Rab1 Bd4 19. Be3 Bxe3 20. fxe3 Qe6 21. Rbe1 1/2-1/2

[Event "Hessen-ch Seniors op 04th"]
[Site "Bad Sooden-Allendorf"]
[Date "2008.04.30"]
[Round "7"]
[White "Ghijsen, Pim"]
[Black "Kasueschke, Gregor"]
[Result "1/2-1/2"]
[WhiteElo "1998"]
[BlackElo "1908"]
[PlyCount "37"]
[EventDate "2008.04.24"]
[EventType "swiss"]
[EventRounds "9"]
[EventCountry "GER"]
[SourceTitle "EXT 2022"]
[Source "ChessBase"]
[SourceDate "2021.10.06"]
[SourceVersion "1"]
[SourceVersionDate "2021.10.06"]
[SourceQuality "1"]

1. d4 d5 2. c4 c6 3. Nf3 Nf6 4. Nc3 dxc4 5. a4 Bg4 6. Ne5 Bh5 7. Nxc4 e6 8. g3 a5 9. Bg2 Na6 10. 0-0 Be7 11. h3 0-0 12. g4 Bg6 13. Bf4 Bb4 14. Ne5 Nd5 15. Bd2 Nb6 16. Bf4 Nd5 17. Bd2 Nb6 18. Bf4 Nd5 19. Bd2 1/2-1/2

[Event "Niedersachsen-ch Seniors op 10th"]
[Site "Bad Bevensen"]
[Date "2007.07.10"]
[Round "8"]
[White "Kasueschke, Gregor"]
[Black "Limberg, Max Udo"]
[Result "1-0"]
[WhiteElo "1951"]
[BlackElo "1653"]
[PlyCount "59"]
[EventDate "2007.07.03"]
[EventType "swiss"]
[EventRounds "9"]
[EventCountry "GER"]
[SourceTitle "EXT 2022"]
[Source "ChessBase"]
[SourceDate "2021.10.06"]
[SourceVersion "1"]
[SourceVersionDate "2021.10.06"]
[SourceQuality "1"]

1. c4 c6 2. d4 d5 3. Nc3 Nf6 4. Bg5 e6 5. cxd5 exd5 6. e3 Nbd7 7. Nf3 Be7 8. Bd3 0-0 9. 0-0 h6 10. Bh4 Re8 11. Rb1 Ne4 12. Bxe7 Qxe7 13. Qc2 Ndf6 14. b4 a6 15. Na4 Bf5 16. Ne5 Bh7 17. Nc5 Nd6 18. a4 Bxd3 19. Ncxd3 Nd7 20. Rfe1 Rac8 21. f3 f6 22. Nxd7 Qxd7 23. Nc5 Qf7 24. e4 dxe4 25. fxe4 Qg6 26. Qb3+ Qf7 27. Qxf7+ Kxf7 28. e5 Nf5 29. Nxb7 Nxd4 30. Nd6+ 1-0

[Event "Niedersachsen-ch Seniors op 10th"]
[Site "Bad Bevensen"]
[Date "2007.07.09"]
[Round "7"]
[White "Hellwege, Werner"]
[Black "Kasueschke, Gregor"]
[Result "1-0"]
[WhiteElo "1884"]
[BlackElo "1951"]
[PlyCount "35"]
[EventDate "2007.07.03"]
[EventType "swiss"]
[EventRounds "9"]
[EventCountry "GER"]
[SourceTitle "EXT 2022"]
[Source "ChessBase"]
[SourceDate "2021.10.06"]
[SourceVersion "1"]
[SourceVersionDate "2021.10.06"]
[SourceQuality "1"]

1. d4 d5 2. Nf3 c6 3. c4 Nf6 4. Nbd2 Bf5 5. e3 e6 6. Be2 Bd6 7. 0-0 Nbd7 8. b3 Ne4 9. Bb2 0-0 10. Ne5 Ndf6 11. Ndf3 Ng4 12. Nxg4 Bxg4 13. Ne5 Bxe2 14. Qxe2 Bxe5 15. dxe5 dxc4 16. Rad1 Qa5 17. Rd4 Qxa2 18. Rxe4 1-0

[Event "Niedersachsen-ch Seniors op 10th"]
[Site "Bad Bevensen"]
[Date "2007.07.05"]
[Round "3"]
[White "Mewes, Hans Dieter"]
[Black "Kasueschke, Gregor"]
[Result "0-1"]
[WhiteElo "1743"]
[BlackElo "1951"]
[PlyCount "46"]
[EventDate "2007.07.03"]
[EventType "swiss"]
[EventRounds "9"]
[EventCountry "GER"]
[SourceTitle "EXT 2022"]
[Source "ChessBase"]
[SourceDate "2021.10.06"]
[SourceVersion "1"]
[SourceVersionDate "2021.10.06"]
[SourceQuality "1"]

1. d4 d5 2. c4 c6 3. Nc3 Nf6 4. Nf3 dxc4 5. a4 Bg4 6. e3 e6 7. Bxc4 Bb4 8. Bd2 0-0 9. Qc2 Nbd7 10. Bd3 c5 11. Ne5 cxd4 12. exd4 Bh5 13. Be2 Bxe2 14. Kxe2 Rc8 15. Qd3 Nxe5 16. dxe5 Qxd3+ 17. Kxd3 Ng4 18. Rhe1 Rfd8+ 19. Kc2 Nxf2 20. Re3 Bc5 21. Re2 Ng4 22. Be1 h6 23. Rd1 Ne3+ 0-1

[Event "Hessen-ch Seniors op 03rd"]
[Site "Bad Sooden-Allendorf"]
[Date "2007.05.06"]
[Round "9"]
[White "Kasueschke, Gregor"]
[Black "Franck, Rudolf"]
[Result "0-1"]
[WhiteElo "1971"]
[BlackElo "2086"]
[PlyCount "63"]
[EventDate "2007.04.27"]
[EventType "swiss"]
[EventRounds "9"]
[EventCountry "GER"]
[SourceTitle "EXT 2022"]
[Source "ChessBase"]
[SourceDate "2021.10.06"]
[SourceVersion "1"]
[SourceVersionDate "2021.10.06"]
[SourceQuality "1"]

1. c4 e5 2. Nc3 Nf6 3. g3 c6 4. d4 Qa5 5. dxe5 Ne4 6. Bd2 Nxd2 7. Qxd2 Qxe5 8. Nf3 Qa5 9. Qe3+ Be7 10. 0-0-0 Qc5 11. Qxc5 Bxc5 12. Ne4 Na6 13. Bg2 Ke7 14. Nxc5 Nxc5 15. Nd4 g6 16. e4 d6 17. Rhe1 f6 18. f4 Rd8 19. Rd2 Ne6 20. Nc2 a5 21. b3 Nc5 22. Kb2 Be6 23. Nd4 Bg8 24. g4 h6 25. Re3 Bf7 26. h4 Ne6 27. Nxe6 Bxe6 28. Bf3 a4 29. Be2 axb3 30. axb3 Ra5 31. Red3 Bf7 32. Rd4 0-1

[Event "Hessen-ch Seniors op 03rd"]
[Site "Bad Sooden-Allendorf"]
[Date "2007.05.03"]
[Round "6"]
[White "Zunker, Reinhard"]
[Black "Kasueschke, Gregor"]
[Result "1/2-1/2"]
[WhiteElo "2140"]
[BlackElo "1971"]
[PlyCount "39"]
[EventDate "2007.04.27"]
[EventType "swiss"]
[EventRounds "9"]
[EventCountry "GER"]
[SourceTitle "EXT 2022"]
[Source "ChessBase"]
[SourceDate "2021.10.06"]
[SourceVersion "1"]
[SourceVersionDate "2021.10.06"]
[SourceQuality "1"]

1. e4 c6 2. d4 d5 3. e5 Bf5 4. Nc3 e6 5. g4 Bg6 6. Nge2 c5 7. h4 h6 8. Nf4 Bh7 9. dxc5 Bxc5 10. Nd3 Bxd3 11. Qxd3 Nc6 12. f4 Nge7 13. Bd2 a6 14. a3 b5 15. Na2 h5 16. g5 g6 17. Nb4 0-0 18. Bh3 Qb6 19. Nxc6 Qxc6 20. Ke2 1/2-1/2

[Event "Hessen-ch Seniors op 03rd"]
[Site "Bad Sooden-Allendorf"]
[Date "2007.05.01"]
[Round "4"]
[White "Drosson, Franz"]
[Black "Kasueschke, Gregor"]
[Result "0-1"]
[WhiteElo "1766"]
[BlackElo "1971"]
[PlyCount "68"]
[EventDate "2007.04.27"]
[EventType "swiss"]
[EventRounds "9"]
[EventCountry "GER"]
[SourceTitle "EXT 2022"]
[Source "ChessBase"]
[SourceDate "2021.10.06"]
[SourceVersion "1"]
[SourceVersionDate "2021.10.06"]
[SourceQuality "1"]

1. e4 c6 2. d4 d5 3. Nc3 dxe4 4. Nxe4 Bf5 5. Ng3 Bg6 6. N1e2 e6 7. Nf4 Bd6 8. h4 Bxf4 9. Bxf4 h6 10. c3 Qb6 11. Qd2 Nd7 12. Bc4 Ngf6 13. Bd6 c5 14. dxc5 Nxc5 15. Bxc5 Qxc5 16. Qe2 0-0 17. 0-0 Rac8 18. Bb3 Rc7 19. Rfe1 a5 20. Qe5 b5 21. Qxc5 Rxc5 22. a4 Rb8 23. Re2 bxa4 24. Bxa4 Rc4 25. Rd2 Rxh4 26. Bd1 Rb5 27. b3 Rc5 28. c4 Ne4 29. Rd8+ Kh7 30. Nf1 Rf4 31. Bf3 Bh5 32. Rd4 Bxf3 33. gxf3 Rg5+ 34. Ng3 Nxg3 0-1

[Event "Hessen-ch Seniors op 03rd"]
[Site "Bad Sooden-Allendorf"]
[Date "2007.04.30"]
[Round "3"]
[White "Kasueschke, Gregor"]
[Black "Ahlberg, Guenter"]
[Result "1/2-1/2"]
[WhiteElo "1971"]
[BlackElo "1877"]
[PlyCount "20"]
[EventDate "2007.04.27"]
[EventType "swiss"]
[EventRounds "9"]
[EventCountry "GER"]
[SourceTitle "EXT 2022"]
[Source "ChessBase"]
[SourceDate "2021.10.06"]
[SourceVersion "1"]
[SourceVersionDate "2021.10.06"]
[SourceQuality "1"]

1. d4 c6 2. c4 d5 3. cxd5 cxd5 4. Nc3 Nc6 5. Bf4 Bf5 6. e3 Nf6 7. Nf3 e6 8. Bb5 Nd7 9. Qa4 Rc8 10. 0-0 a6 1/2-1/2

[Event "Hessen-ch Seniors op 03rd"]
[Site "Bad Sooden-Allendorf"]
[Date "2007.04.29"]
[Round "2"]
[White "Rollwitz, Juergen"]
[Black "Kasueschke, Gregor"]
[Result "1/2-1/2"]
[WhiteElo "1791"]
[BlackElo "1971"]
[PlyCount "39"]
[EventDate "2007.04.27"]
[EventType "swiss"]
[EventRounds "9"]
[EventCountry "GER"]
[SourceTitle "EXT 2022"]
[Source "ChessBase"]
[SourceDate "2021.10.06"]
[SourceVersion "1"]
[SourceVersionDate "2021.10.06"]
[SourceQuality "1"]

1. d4 d5 2. Nf3 Nf6 3. c4 c6 4. e3 e6 5. Nc3 Nbd7 6. Qc2 Bd6 7. c5 Bc7 8. b4 e5 9. dxe5 Nxe5 10. Be2 Qe7 11. Bb2 Nxf3+ 12. Bxf3 d4 13. Ne4 Nxe4 14. Qxe4 Qxe4 15. Bxe4 f5 16. Bf3 dxe3 17. Bxg7 Rg8 18. Bd4 exf2+ 19. Kxf2 Be6 20. Bh5+ 1/2-1/2

[Event "Hessen-ch Seniors op 03rd"]
[Site "Bad Sooden-Allendorf"]
[Date "2007.04.28"]
[Round "1"]
[White "Kasueschke, Gregor"]
[Black "Blask, Gerhard"]
[Result "1-0"]
[WhiteElo "1971"]
[BlackElo "1597"]
[PlyCount "28"]
[EventDate "2007.04.27"]
[EventType "swiss"]
[EventRounds "9"]
[EventCountry "GER"]
[SourceTitle "EXT 2022"]
[Source "ChessBase"]
[SourceDate "2021.10.06"]
[SourceVersion "1"]
[SourceVersionDate "2021.10.06"]
[SourceQuality "1"]

1. d4 f5 2. e4 d6 3. Nc3 Nf6 4. Bd3 Nc6 5. Nf3 fxe4 6. Nxe4 Bg4 7. c3 Nxe4 8. Bxe4 d5 9. Bd3 e5 10. dxe5 Nxe5 11. Be2 Nxf3+ 12. Bxf3 Be6 13. 0-0 Qd7 14. Bg5 h6 1-0

[Event "Bad Bevensen op"]
[Site "Bad Bevensen"]
[Date "2005.06.27"]
[Round "3"]
[White "Kasueschke, Gregor"]
[Black "Scholze, Roland"]
[Result "1/2-1/2"]
[WhiteElo "2227"]
[BlackElo "2019"]
[PlyCount "44"]
[EventDate "2005.06.25"]
[EventType "swiss"]
[EventRounds "9"]
[EventCountry "GER"]
[SourceTitle "EXT 2007"]
[Source "ChessBase"]
[SourceDate "2006.11.23"]
[SourceVersion "1"]
[SourceVersionDate "2006.11.23"]
[SourceQuality "1"]

1. c4 d6 2. Nc3 e5 3. g3 Nf6 4. Bg2 c6 5. d4 exd4 6. Qxd4 Na6 7. Bg5 Be7 8. 0-0-0 Be6 9. e4 Qb6 10. Qxb6 axb6 11. b3 Ng4 12. Bxe7 Kxe7 13. Rd2 Nc5 14. h3 Ne5 15. Kc2 f5 16. f4 Ng6 17. Kb2 Rhd8 18. Nge2 fxe4 19. Nxe4 d5 20. Nxc5 bxc5 21. cxd5 Bxd5 22. Bxd5 Rxd5 1/2-1/2

[Event "Hessen-ch Seniors op 01st"]
[Site "Bad Sooden-Allendorf"]
[Date "2005.04.23"]
[Round "2"]
[White "Wolff, Heinz"]
[Black "Kasueschke, Gregor"]
[Result "0-1"]
[WhiteElo "1399"]
[BlackElo "2059"]
[PlyCount "48"]
[EventDate "2005.04.22"]
[EventType "swiss"]
[EventRounds "9"]
[EventCountry "GER"]
[SourceTitle "EXT 2007"]
[Source "ChessBase"]
[SourceDate "2006.11.23"]
[SourceVersion "1"]
[SourceVersionDate "2006.11.23"]
[SourceQuality "1"]

1. Nc3 e5 2. e4 Nc6 3. d3 Bc5 4. Nf3 d6 5. h3 Nge7 6. Be2 0-0 7. 0-0 f5 8. Bg5 h6 9. Bxe7 Qxe7 10. exf5 Bxf5 11. Ne4 Bb6 12. c4 Rf7 13. Nc3 Be6 14. a3 Raf8 15. b4 Nd4 16. Nd5 Bxd5 17. cxd5 Nxf3+ 18. Bxf3 Rxf3 19. gxf3 Qg5+ 20. Kh2 Qf4+ 21. Kg2 Qg5+ 22. Kh2 Rf4 23. Rg1 Qf5 24. Qf1 Rxf3 0-1

[Event "GER North-ch Seniors 7th"]
[Site "Bad Bevensen"]
[Date "2004.06.23"]
[Round "5"]
[White "Hilburt, Leonid"]
[Black "Kasueschke, Gregor"]
[Result "1/2-1/2"]
[WhiteElo "2208"]
[BlackElo "2197"]
[PlyCount "58"]
[EventDate "2004.06.19"]
[EventType "swiss"]
[EventRounds "9"]
[EventCountry "GER"]
[SourceTitle "EXT 2006"]
[Source "ChessBase"]
[SourceDate "2005.11.24"]
[SourceVersion "1"]
[SourceVersionDate "2005.11.24"]
[SourceQuality "1"]

1. e4 c6 2. d4 d5 3. Nd2 dxe4 4. Nxe4 Bf5 5. Ng3 Bg6 6. f4 e6 7. Nf3 Nf6 8. Bc4 Be7 9. 0-0 Nbd7 10. Qe2 0-0 11. c3 Re8 12. Nh4 Nd5 13. Nxg6 hxg6 14. Ne4 c5 15. dxc5 Nxc5 16. Kh1 Qc7 17. Bd2 Nxe4 18. Qxe4 Red8 19. Rad1 Rac8 20. Bb3 b5 21. Rfe1 a5 22. Bc1 Nf6 23. Rxd8+ Bxd8 24. Qe3 a4 25. Bc2 a3 26. Bb3 Qc6 27. bxa3 Qxc3 28. Qxc3 Rxc3 29. Bb2 Rc5 1/2-1/2

[Event "GER North-ch Seniors 7th"]
[Site "Bad Bevensen"]
[Date "2004.06.22"]
[Round "4"]
[White "Kasueschke, Gregor"]
[Black "Adibekian, Roubik"]
[Result "1/2-1/2"]
[WhiteElo "2197"]
[BlackElo "2248"]
[PlyCount "47"]
[EventDate "2004.06.19"]
[EventType "swiss"]
[EventRounds "9"]
[EventCountry "GER"]
[SourceTitle "EXT 2006"]
[Source "ChessBase"]
[SourceDate "2005.11.24"]
[SourceVersion "1"]
[SourceVersionDate "2005.11.24"]
[SourceQuality "1"]

1. c4 e6 2. Nc3 Nf6 3. Nf3 Bb4 4. Qc2 b6 5. g3 Bb7 6. Bg2 0-0 7. 0-0 h6 8. a3 Bxc3 9. Qxc3 c5 10. b4 d5 11. bxc5 Ne4 12. Qc2 Nxc5 13. Bb2 Nbd7 14. d4 Ne4 15. cxd5 Bxd5 16. Rfc1 Nd6 17. Qc7 Qxc7 18. Rxc7 Rfd8 19. Nd2 Bxg2 20. Kxg2 Nb5 21. Rc2 Nf6 22. e3 Rac8 23. Rac1 Rxc2 24. Rxc2 1/2-1/2

[Event "Bad Sooden-Allendorf Seniors op 16th"]
[Site "Bad Sooden-Allendorf"]
[Date "2004.04.29"]
[Round "8"]
[White "Kasueschke, Gregor"]
[Black "Nietsch, Horst"]
[Result "0-1"]
[WhiteElo "2197"]
[BlackElo "2071"]
[PlyCount "62"]
[EventDate "2004.04.22"]
[EventType "swiss"]
[EventRounds "9"]
[EventCountry "GER"]
[SourceTitle "EXT 2006"]
[Source "ChessBase"]
[SourceDate "2005.11.24"]
[SourceVersion "1"]
[SourceVersionDate "2005.11.24"]
[SourceQuality "1"]

1. c4 e5 2. Nc3 Nf6 3. g3 g6 4. Bg2 Bg7 5. Nf3 Nc6 6. 0-0 0-0 7. d4 exd4 8. Nxd4 Nxd4 9. Qxd4 d6 10. Qd3 Rb8 11. Be3 Bf5 12. Qd2 a6 13. Ba7 Ra8 14. Bd4 Qc8 15. Rfe1 Be6 16. Rac1 c6 17. Bxf6 Bxf6 18. Qxd6 Bg5 19. f4 Bf6 20. b3 Rd8 21. Qa3 Rd2 22. c5 Bd4+ 23. e3 Bxc3 24. Rxc3 Qd7 25. Rcc1 Rd8 26. Qa5 Bh3 27. Bf3 Bg4 28. Bh1 Be2 29. a3 Qe7 30. Rc3 Qd7 31. Bg2 Bg4 0-1

[Event "Bad Sooden-Allendorf Seniors op 16th"]
[Site "Bad Sooden-Allendorf"]
[Date "2004.04.24"]
[Round "3"]
[White "Schlag, Franz"]
[Black "Kasueschke, Gregor"]
[Result "1-0"]
[WhiteElo "2107"]
[BlackElo "2197"]
[PlyCount "69"]
[EventDate "2004.04.22"]
[EventType "swiss"]
[EventRounds "9"]
[EventCountry "GER"]
[SourceTitle "EXT 2006"]
[Source "ChessBase"]
[SourceDate "2005.11.24"]
[SourceVersion "1"]
[SourceVersionDate "2005.11.24"]
[SourceQuality "1"]

1. e4 c6 2. c4 e5 3. Nc3 d6 4. Nge2 Be6 5. d3 Nd7 6. Ng3 Ne7 7. Be2 d5 8. Bg4 Bxg4 9. Qxg4 Nc5 10. 0-0 Nxd3 11. exd5 cxd5 12. cxd5 Ng6 13. Qc4 Nxc1 14. Raxc1 Bd6 15. Qb5+ Qd7 16. Nf5 Bf8 17. g3 Kd8 18. Qd3 Ne7 19. Ne3 f6 20. Nb5 a6 21. Nc7 Rc8 22. Ne6+ Ke8 23. Rfd1 b5 24. Nc5 Qd6 25. Ne4 Qd7 26. Nc5 Qd6 27. b4 Kf7 28. Qb3 Ke8 29. Ne6 Rxc1 30. Rxc1 g6 31. Nc5 f5 32. Nb7 Qb6 33. d6 Qxb7 34. dxe7 Bxe7 35. Qe6 1-0

[Event "Bad Woerishofen Seniors op 20th"]
[Site "Bad Woerishofen"]
[Date "2004.03.22"]
[Round "5"]
[White "Kasueschke, Gregor"]
[Black "Zunker, Reinhard"]
[Result "1/2-1/2"]
[WhiteElo "2197"]
[BlackElo "2210"]
[PlyCount "85"]
[EventDate "2004.03.18"]
[EventType "swiss"]
[EventRounds "9"]
[EventCountry "GER"]
[SourceTitle "CBM 099 Extra"]
[Source "ChessBase"]
[SourceDate "2004.05.04"]
[SourceVersion "1"]
[SourceVersionDate "2004.05.04"]
[SourceQuality "1"]

1. c4 e5 2. Nc3 Nc6 3. g3 g6 4. Bg2 Bg7 5. Nf3 d6 6. 0-0 Nge7 7. e3 f5 8. d4 e4 9. Ng5 h6 10. Nh3 g5 11. Qh5+ Kf8 12. f3 exf3 13. Bxf3 Qe8 14. Nb5 Qxh5 15. Bxh5 f4 16. Kg2 Bf5 17. gxf4 Bd3 18. Rf2 Bxc4 19. Nc3 Kg8 20. fxg5 hxg5 21. Bg4 Rh4 22. Kg3 Bh6 23. Ne4 Rxg4+ 24. Kxg4 Be6+ 25. Kg3 Nf5+ 26. Rxf5 Bxf5 27. Nexg5 Re8 28. Bd2 Bxh3 29. Nxh3 Nxd4 30. Nf4 Ne6 31. Nd5 Bg7 32. Rg1 c6 33. Nc3 Nc5 34. Kf3 Kf7 35. b4 Nd3 36. Ne4 Ne5+ 37. Ke2 Nc4 38. Rg4 d5 39. Ng5+ Ke7 40. Nf3 Bf6 41. Rf4 Rg8 42. Be1 Rg2+ 43. Bf2 1/2-1/2

[Event "Bad Woerishofen Seniors op 20th"]
[Site "Bad Woerishofen"]
[Date "2004.03.21"]
[Round "4"]
[White "Igney, Volkhard"]
[Black "Kasueschke, Gregor"]
[Result "1/2-1/2"]
[WhiteElo "2230"]
[BlackElo "2197"]
[PlyCount "75"]
[EventDate "2004.03.18"]
[EventType "swiss"]
[EventRounds "9"]
[EventCountry "GER"]
[SourceTitle "CBM 099 Extra"]
[Source "ChessBase"]
[SourceDate "2004.05.04"]
[SourceVersion "1"]
[SourceVersionDate "2004.05.04"]
[SourceQuality "1"]

1. d4 d5 2. c4 c6 3. Nf3 Nf6 4. e3 e6 5. Nbd2 Nbd7 6. b3 Bb4 7. Qc2 Ne4 8. Bd3 f5 9. 0-0 0-0 10. Bb2 Qf6 11. a3 Bd6 12. Rfe1 a5 13. Nf1 g5 14. Re2 Rf7 15. Ne1 g4 16. Bxe4 fxe4 17. g3 Nf8 18. Ng2 Ng6 19. Nf4 Bd7 20. b4 axb4 21. axb4 Rxa1 22. Bxa1 Nxf4 23. exf4 Bxb4 24. Qb3 c5 25. cxd5 exd5 26. Qxd5 Bc6 27. Qb3 Qd6 28. dxc5 Qxc5 29. Rc2 Qd6 30. Rc4 Ba5 31. Qb2 Kf8 32. Qh8+ Ke7 33. Bd4 Kd7 34. Be5 Qf8 35. Qxf8 Rxf8 36. Ne3 h5 37. Bc3 Bb6 38. Bd4 1/2-1/2